Slovenské účtovníctvo a výkazníctvo štátu v kontexte európskych integračných procesov

Osobitosti účtovníctva verejnej správy. Osobitosti výkazníctva verejnej správy. Osobitosti účtovníctva obce.

Gespeichert in:
Bibliographische Detailangaben
1. Verfasser: Šabíková, Ingrid
Format: Buchkapitel
Sprache:Slowakisch
Schlagworte:
Tags: Tag hinzufügen
Keine Tags, Fügen Sie das erste Tag hinzu!

MARC

LEADER 00000naa$a2200000$$$4500
001 0099120
005 20240502072106.7
041 0 |a slo 
044 |a SK 
245 1 0 |a Slovenské účtovníctvo a výkazníctvo štátu v kontexte európskych integračných procesov  |c Ingrid Šabíková 
520 |a Osobitosti účtovníctva verejnej správy. Osobitosti výkazníctva verejnej správy. Osobitosti účtovníctva obce. 
610 2 0 |a účtovníctvo 
610 2 0 |a výkazníctvo finančné 
610 2 0 |a štandardy účtovné medzinárodné 
610 2 0 |a správa verejná 
610 2 0 |a obce 
610 2 0 |a legislatíva 
610 2 0 |a Slovensko 
100 1 |a Šabíková, Ingrid